Statistiques concernant Pays aléatoires sur la carte de la Pangée

Cliquez ici pour prendre le quiz!

Statistiques générales

  • Ce quiz a été pris 8 358 fois
  • Le résultat moyen est 15 sur 20

Réponses sur la Carte

Les réponses sont colorées sur une échelle allant du rouge au vert en fonction du pourcentage des utilisateurs qui les ont devinées à leur premier essai. Vous pouvez retrouver ces pourcentages ci-dessous.
 

Statistiques - réponses

Pays% Correct
Canada
99%
France
99%
Algérie
98%
Brésil
98%
Etats-Unis
98%
Mexique
98%
Russie
98%
Allemagne
97%
Argentine
97%
Espagne
97%
Chili
96%
Italie
96%
Chine
95%
Égypte
95%
Maroc
95%
Portugal
95%
Afrique du Sud
94%
Australie
94%
Belgique
94%
Norvège
94%
Royaume-Uni
94%
Suède
94%
Pologne
93%
Danemark
92%
Japon
92%
Irlande
91%
Mongolie
91%
Suisse
91%
Tunisie
91%
Finlande
90%
Pays-Bas
90%
Arabie Saoudite
89%
Islande
89%
Uruguay
89%
Colombie
88%
Cuba
88%
Grèce
88%
Libye
88%
République démocratique du Congo
88%
Bolivie
87%
Madagascar
87%
Mali
87%
Paraguay
87%
Pérou
87%
Ukraine
87%
Biélorussie
86%
Estonie
86%
Inde
86%
Lettonie
86%
Lituanie
86%
Luxembourg
86%
Venezuela
86%
Yémen
86%
Autriche
85%
Corée du Sud
85%
Équateur
85%
Kazakhstan
85%
Soudan
85%
Corée du Nord
83%
Niger
83%
Roumanie
83%
Sénégal
83%
Somalie
83%
Mauritanie
82%
Viêt Nam
82%
Andorre
81%
Croatie
81%
Éthiopie
81%
Guyana
81%
Nouvelle-Zélande
81%
République tchèque
81%
Irak
80%
Malte
80%
Oman
80%
Tchad
80%
Côte d'Ivoire
79%
Indonésie
79%
Suriname
79%
Thaïlande
79%
Lesotho
78%
Moldavie
78%
Namibie
78%
Népal
78%
Slovaquie
78%
Vatican
78%
Hongrie
77%
Laos
77%
Qatar
77%
Angola
76%
Bosnie-Herzégovine
76%
Chypre
76%
Nigeria
76%
Papouasie-Nouvelle-Guinée
76%
Saint-Marin
76%
Soudan du Sud
76%
Cambodge
75%
Émirats arabes unis
75%
Jordanie
75%
Macédoine du Nord
75%
Monaco
75%
Monténégro
75%
Mozambique
75%
Philippines
75%
République du Congo
75%
Slovénie
75%
Bulgarie
74%
Kosovo
74%
Serbie
74%
Syrie
74%
Togo
74%
Albanie
73%
Israël
73%
République Centrafricaine
73%
Botswana
72%
Haïti
72%
Sri Lanka
72%
Bangladesh
71%
Bénin
71%
Cameroun
71%
Djibouti
71%
Eswatini
71%
Guinée
71%
Kenya
71%
Liban
71%
Liechtenstein
71%
Panama
71%
République dominicaine
71%
Géorgie
70%
Iran
70%
Koweït
70%
Zimbabwe
70%
Birmanie
69%
Burkina Faso
69%
Érythrée
69%
Ghana
69%
Guatemala
69%
Tanzanie
69%
Pakistan
68%
Afghanistan
67%
Azerbaïdjan
67%
Belize
67%
Honduras
67%
Liberia
67%
Zambie
67%
Bhoutan
66%
Cap-Vert
66%
Guinée équatoriale
66%
Jamaïque
66%
Nicaragua
66%
Ouganda
66%
Rwanda
66%
Arménie
65%
Costa Rica
65%
Sierra Leone
65%
Gambie
64%
Malaisie
64%
Malawi
64%
Ouzbékistan
64%
Tadjikistan
64%
Bahreïn
63%
Guinée-Bissau
63%
Kirghizistan
63%
Taïwan
63%
Fidji
62%
Salvador
62%
Singapour
62%
Gabon
61%
Micronésie
61%
Turquie
61%
Turkménistan
60%
Burundi
59%
Comores
59%
Bahamas
58%
Brunei
58%
Seychelles
58%
Kiribati
57%
Maldives
57%
Timor oriental
57%
Salomon
56%
Tonga
56%
Îles Marshall
54%
Île Maurice
53%
Trinité-et-Tobago
53%
Sainte-Lucie
52%
Samoa
52%
Nauru
51%
Sao Tomé-et-Principe
51%
Tuvalu
51%
Grenade
50%
Saint-Vincent-et-les-Grenadines
50%
Barbade
49%
Antigua-et-Barbuda
48%
Palaos
48%
Saint-Christophe- et-Niévès
48%
Vanuatu
48%
Dominique
46%

Distribution des résultats

Percentile par nombre de réponses

% des personnes avec chaque résultat

Votre développement - résultats

Vous n’avez pas pris ce quiz